Enemigo común (Registro nro. 3816)

Detalles MARC
000 -LEADER
fixed length control field 01516 a2200241 4500
001 - CONTROL NUMBER
control field 44720
005 - DATE AND TIME OF LATEST TRANSACTION
control field 20260407155723.0
008 - FIXED-LENGTH DATA ELEMENTS--GENERAL INFORMATION
fixed length control field 260407a2017 arg spa d
003 - CONTROL NUMBER IDENTIFIER
control field AR-UNSa-BCEJYS
040 ## - CATALOGING SOURCE
Original cataloging agency AR-UNSa-BCEJYS
Language of cataloging spa
Transcribing agency AR-UNSa-BCEJYS
080 ## - UNIVERSAL DECIMAL CLASSIFICATION NUMBER
Universal Decimal Classification number 338.124
Common auxiliary subdivision Retroceso de la actividad económica. Contracción económica (Pobreza...)
020 ## - INTERNATIONAL STANDARD BOOK NUMBER
International Standard Book Number 978-987-574-856-9
041 ## - LANGUAGE CODE
Language code of text/sound track or separate title spa
100 1# - MAIN ENTRY--PERSONAL NAME
Personal name Paz, Jorge Augusto
245 10 - TITLE STATEMENT
Title Enemigo común
Name of part/section of a work una introducción a la pobreza infantil en la Argentina
264 #1 - PRODUCTION, PUBLICATION, DISTRIBUTION, MANUFACTURE, AND COPYRIGHT NOTICE
Place of production, publication, distribution, manufacture Buenos Aires :
Name of producer, publisher, distributor, manufacturer Prometeo Libros
Date of production, publication, distribution, manufacture, or copyright notice 2017
300 ## - PHYSICAL DESCRIPTION
Extent 103 p.
Dimensions 23 cm.
520 ## - SUMMARY, ETC.
Summary, etc. La pobreza en la niñez es un tema serio que necesariamente debe ocupar un lugar privilegiado en la agenda de la política pública de cualquier país del mundo en el que se haya detectado que existe este mal. Es, auténticamente, lo que expresa de manera tan contundente la frase de Doyle: un enemigo común; y, como tal, debe ser combatido por todos. Así es que en este libro se presentan los elementos de la pobreza infantil cuyo conocimiento consideramos esencial para poder planificar un ataque eficaz.
505 ## - FORMATTED CONTENTS NOTE
Formatted contents note 1. ¿ Por qué la pobreza en la niñez debe preocuparnos? - 2. El marco conceptual y las teorías que lo apoyan - 3. Buscando el camino - 4. Las partes del todo - 5. Mucho más que la suma de las partes -
590 ## - LOCAL NOTE (RLIN)
Local note niveau_biblio:m niveau_hierar:0
856 41 - ELECTRONIC LOCATION AND ACCESS
Uniform Resource Identifier <a href="https://biblioeco.unsa.edu.ar/pmb/images/libros/L126988.jpg">https://biblioeco.unsa.edu.ar/pmb/images/libros/L126988.jpg</a>
Link text Imagen de portada
Electronic format type image/jpeg
942 ## - ADDED ENTRY ELEMENTS (KOHA)
Koha item type
Existencias
Withdrawn status Lost status Damaged status Not for loan Home library Current library Shelving location Date acquired Total checkouts Full call number Barcode Date last seen Price effective from Koha item type
        Biblioteca Prof. Eusebio Cleto del Rey Biblioteca Prof. Eusebio Cleto del Rey   07/04/2026   338.124 P348 L126988 07/04/2026 07/04/2026 Libro